<?xml version="1.0" encoding="UTF-8"?>
<record
    xmlns:xsi="http://www.w3.org/2001/XMLSchema-instance"
    xsi:schemaLocation="http://www.loc.gov/MARC21/slim http://www.loc.gov/standards/marcxml/schema/MARC21slim.xsd"
    xmlns="http://www.loc.gov/MARC21/slim">

  <leader>01004nam a22002297a 4500</leader>
  <controlfield tag="005">20240530110903.0</controlfield>
  <controlfield tag="008">220214s2003    ua     g      000 0 ara d</controlfield>
  <datafield tag="017" ind1=" " ind2=" ">
    <subfield code="b">&#x645;&#x635;&#x631;. &#x62F;&#x627;&#x631; &#x627;&#x644;&#x643;&#x62A;&#x628;</subfield>
    <subfield code="a">2003/14842</subfield>
  </datafield>
  <datafield tag="040" ind1=" " ind2=" ">
    <subfield code="a">EG-CaGPL</subfield>
    <subfield code="c">EG-CaGPL</subfield>
  </datafield>
  <datafield tag="082" ind1="0" ind2="4">
    <subfield code="2">21</subfield>
    <subfield code="a">323.4/</subfield>
    <subfield code="b">&#x628; &#x62D;</subfield>
  </datafield>
  <datafield tag="100" ind1="0" ind2=" ">
    <subfield code="a">&#x628;&#x647;&#x649; &#x627;&#x644;&#x62F;&#x64A;&#x646; &#x62D;&#x633;&#x646; </subfield>
  </datafield>
  <datafield tag="245" ind1="1" ind2="0">
    <subfield code="a">&#x62D;&#x642;&#x648;&#x642;&#x646;&#x627; &#x627;&#x644;&#x627;&#x646; &#x648;&#x644;&#x64A;&#x633; &#x63A;&#x62F;&#x627; :</subfield>
    <subfield code="b">&#x627;&#x644;&#x645;&#x648;&#x627;&#x62B;&#x64A;&#x642; &#x627;&#x644;&#x627;&#x633;&#x627;&#x633;&#x64A;&#x629; &#x644;&#x62D;&#x642;&#x648;&#x642; &#x627;&#x644;&#x627;&#x646;&#x633;&#x627;&#x646;/</subfield>
    <subfield code="c">&#x62A;&#x642;&#x62F;&#x64A;&#x645; &#x628;&#x647;&#x649; &#x627;&#x644;&#x62F;&#x64A;&#x646; &#x62D;&#x633;&#x646; &#x60C; &#x645;&#x62D;&#x645;&#x62F; &#x627;&#x644;&#x633;&#x64A;&#x62F; &#x633;&#x639;&#x64A;&#x62F;</subfield>
  </datafield>
  <datafield tag="250" ind1=" " ind2=" ">
    <subfield code="a">&#x637;. 1</subfield>
  </datafield>
  <datafield tag="260" ind1=" " ind2=" ">
    <subfield code="a">&#x627;&#x644;&#x642;&#x627;&#x647;&#x631;&#x629; : </subfield>
    <subfield code="b">&#x645;&#x631;&#x643;&#x632; &#x627;&#x644;&#x642;&#x627;&#x647;&#x631;&#x629; &#x644;&#x62F;&#x631;&#x627;&#x633;&#x627;&#x62A; &#x62D;&#x642;&#x648;&#x642; &#x627;&#x644;&#x627;&#x646;&#x633;&#x627;&#x646; &#x60C;</subfield>
    <subfield code="c">2003</subfield>
  </datafield>
  <datafield tag="300" ind1=" " ind2=" ">
    <subfield code="a">401 &#x635;. &#x61B;</subfield>
    <subfield code="c">24 &#x633;&#x645;</subfield>
  </datafield>
  <datafield tag="490" ind1="1" ind2=" ">
    <subfield code="a">&#x62A;&#x639;&#x644;&#x64A;&#x645; &#x62D;&#x642;&#x648;&#x642; &#x627;&#x644;&#x627;&#x646;&#x633;&#x627;&#x646; &#x61B;</subfield>
    <subfield code="v">8</subfield>
  </datafield>
  <datafield tag="650" ind1="0" ind2="7">
    <subfield code="2">qrmak</subfield>
    <subfield code="a">&#x62D;&#x642;&#x648;&#x642; &#x627;&#x644;&#x627;&#x646;&#x633;&#x627;&#x646; </subfield>
  </datafield>
  <datafield tag="653" ind1=" " ind2=" ">
    <subfield code="a">&#x627;&#x644;&#x627;&#x639;&#x644;&#x627;&#x646; &#x627;&#x644;&#x639;&#x627;&#x644;&#x645;&#x649; &#x644;&#x62D;&#x642;&#x648;&#x642; &#x627;&#x644;&#x627;&#x646;&#x633;&#x627;&#x646; </subfield>
    <subfield code="a">&#x627;&#x62A;&#x641;&#x627;&#x642;&#x64A;&#x629; &#x62D;&#x642;&#x648;&#x642; &#x627;&#x644;&#x637;&#x641;&#x644;</subfield>
  </datafield>
  <datafield tag="700" ind1=" " ind2=" ">
    <subfield code="a">&#x645;&#x62D;&#x645;&#x62F; &#x627;&#x644;&#x633;&#x64A;&#x62F; &#x633;&#x639;&#x64A;&#x62F;</subfield>
    <subfield code="e">&#x645;&#x642;&#x62F;&#x645; &#x645;&#x634;&#x627;&#x631;&#x643; </subfield>
  </datafield>
  <datafield tag="942" ind1=" " ind2=" ">
    <subfield code="2">ddc</subfield>
    <subfield code="c">BK</subfield>
  </datafield>
  <datafield tag="999" ind1=" " ind2=" ">
    <subfield code="c">66171</subfield>
    <subfield code="d">66171</subfield>
  </datafield>
  <datafield tag="952" ind1=" " ind2=" ">
    <subfield code="0">0</subfield>
    <subfield code="1">0</subfield>
    <subfield code="4">0</subfield>
    <subfield code="7">0</subfield>
    <subfield code="a">CAI</subfield>
    <subfield code="b">CAI</subfield>
    <subfield code="c">&#x627;&#x644;&#x639;&#x644;&#x648;&#x645; &#x627;&#x644;&#x627;&#x62C;&#x62A;&#x645;&#x627;&#x639;&#x64A;&#x629;-&#x639;&#x631;&#x628;&#x649;</subfield>
    <subfield code="d">2022-02-20</subfield>
    <subfield code="l">0</subfield>
    <subfield code="o">323.4/ &#x628; &#x62D;</subfield>
    <subfield code="p">167422</subfield>
    <subfield code="r">2022-02-20 00:00:00</subfield>
    <subfield code="w">2022-02-20</subfield>
    <subfield code="y">BK</subfield>
  </datafield>
</record>
